000 00342nam a22001457a 4500
003 OSt
008 250117b |||||||| |||| 00| 0 eng d
041 _aeng
082 _a370.0715
100 _aSupe, SV
_96963
245 _aIntroduction to Extension Education
260 _bOxford & IBH Publishing Co Pvt Ltd
300 _a186
942 _cBK
999 _c19054
_d19054